Score 0/20 Timer 02:30
3 Plays Today
Question Answer Wrong Answers
Ben-Hur (1959) Charlton Heston
96%
Clint Eastwood
1.4%
Dirty Harry (1971) Clint Eastwood
95.9%
Charlton Heston
1.5%
Ten Commandments (1956) Charlton Heston
95.6%
Clint Eastwood
1.8%
Unforgiven (1992) Clint Eastwood
95.2%
Charlton Heston
2.5%
Planet of the Apes (1968) Charlton Heston
95%
Clint Eastwood
2.9%
A Fistful of Dollars (1964) Clint Eastwood
93.8%
Charlton Heston
3.8%
The Greatest Show on Earth (1952) Charlton Heston
92.2%
Clint Eastwood
5.1%
The Greatest Story Ever Told (1965) Charlton Heston
92.1%
Clint Eastwood
5.3%
Every Which Way But Loose (1978) Clint Eastwood
89.4%
Charlton Heston
7.8%
Hang 'Em High (1968) Clint Eastwood
89.3%
Charlton Heston
8%
Airport 1975 (1974) Charlton Heston
85.9%
Clint Eastwood
11.2%
Soylent Green (1973) Charlton Heston
85.9%
Clint Eastwood
11.5%
Play Misty for Me (1971) Clint Eastwood
85%
Charlton Heston
12.3%
Touch of Evil (1958) Charlton Heston
80.4%
Clint Eastwood
16.9%
Thunderbolt and Lightfoot (1974) Clint Eastwood
80.1%
Charlton Heston
17.5%
The Omega Man (1971) Charlton Heston
79.8%
Clint Eastwood
17.6%
Firefox (1982) Clint Eastwood
77.3%
Charlton Heston
20.2%
Kelly's Heroes (1970) Clint Eastwood
72.2%
Charlton Heston
25.5%
Where Eagles Dare (1968) Clint Eastwood
62.6%
Charlton Heston
34.9%
Any Given Sunday (1999) Charlton Heston
41.6%
Clint Eastwood
56.1%

Today's Daily Dose

Missing Word
TV NA - NZ

Word Ladder
Neck and Neck

Quick Pick
'Q' Places

You're not logged in!

Compare scores with friends on all Sporcle quizzes.
OR
Log In

Sporcle TV

Today on Sporcle TV


Watch our educational content, quiz creation guides, and fun videos on Sporcle TV.

Show Comments

Extras

Top Quizzes Today


Score Distribution

Paid Content

Your Account Isn't Verified!

In order to create a playlist on Sporcle, you need to verify the email address you used during registration. Go to your Sporcle Settings to finish the process.

Report this User

Report this user for behavior that violates our Community Guidelines.

Details: